Rozpoznaj miasto po zdjęciu - Statystyki

Ogólne statystyki
  • Ten quiz został rozwiązany 8 razy
  • Średni wynik to 2 z 16
Statystyki odpowiedzi
Obrazkowy Odpowiedź % Poprawnych
Nysa
50%
Inowrocław
25%
Pabianice
25%
Tczew
25%
Bolesławiec
13%
Konin
13%
Łomża
13%
Racibórz
13%
Starachowice
13%
Świnoujście
13%
Iława
0%
Mielec
0%
Nowa Sól
0%
Nowy Targ
0%
Piaseczno
0%
Puławy
0%
Nie znaleziono quizów pasujących do podanych kryteriów
Rozkład punktacji
Procent ludzi z każdym wynikiem
Percentyl według liczby udzielonych odpowiedzi
Twoja historia wyników
Nie rozwiązałeś tego quizu